000 00960nam a2200241 a 4500
001 12862
003 BD-JhCC
005 20230521115457.0
008 230521s2023 b a|||| |||| 000 0 be d
020 _a9789849634089
035 _a(BD-JhCC)12862
040 _aBD-JhCC
_dBD-JhCC
041 _aben
082 _a574
_bWES 2023
100 _aওয়েসনার, ডেভ
245 _aগল্পে গল্পে জীববিজ্ঞান /
_cডেভ ওয়েসনার, ল্যারি গণিক এবং সৌমিত্র চক্রবর্তী
260 _aঢাকা :
_bঅনুপম প্রকাশনী,
_c২০২৩
300 _aখন্ড ১-৩
_bচিত্রাবলী অর্ন্তভূক্ত,
_c২২ সেমি.
650 _aBiology
700 _aগণিক, ল্যারি
700 _aচক্রবর্তী, সৌমিত্র
942 _2ddc
_cBK
999 _c12862
_d12862